| 000 | 00490nam a2200181Ia 4500 | ||
|---|---|---|---|
| 005 | 20240716035050.0 | ||
| 008 | 240331s9999 xx 000 0 und d | ||
| 020 | _a8120713060 | ||
| 082 |
_a200.042 _bENG |
||
| 100 | _aEngineer, A.A | ||
| 245 | 4 |
_aThe rights of women in islam _cAsghar Ali Engineer |
|
| 260 |
_aNew Delhi _bSterling Publishers Private Limited _c1992 |
||
| 300 | _avi, 188 p ., | ||
| 650 | _aWoman | ||
| 650 | _aMuslim Personal Law | ||
| 650 | _aMarital Rights | ||
| 942 | _cL | ||
| 999 |
_c799 _d799 |
||